[Event "18. Sparkassen Open 2019 - Gruppe A"]
[Site "Forchheim"]
[Date "2019.10.05"]
[Round "2.1"]
[White "Miller, Eduard"]
[Black "Manthey, Frank"]
[Result "1/2-1/2"]
[WhiteElo "2402"]
[BlackElo "2058"]
[PlyCount "120"]
[EventDate "2019.??.??"]
[WhiteTeam "SC Erlangen 48/88"]
[BlackTeam "SK Schwanstetten 79 e.V."]

1. c4 Nf6 2. Nc3 e6 3. e4 d5 4. cxd5 exd5 5. e5 Ne4 6. Nf3 Nc6 7. Bb5 Nxc3 8.
dxc3 Be7 9. Nd4 Bd7 10. f4 Nxd4 11. Bxd7+ Qxd7 12. Qxd4 O-O 13. Be3 c5 14. Qd3
f6 15. exf6 Rxf6 16. O-O Rd8 17. f5 Rc6 18. Rad1 Bf6 19. Bf4 c4 20. Qc2 d4 21.
cxd4 Bxd4+ 22. Kh1 Qc8 23. h3 Bf6 24. Rxd8+ Qxd8 25. Rd1 Qe7 26. Qd2 h6 27. Re1
Qf7 28. Be5 Rc5 29. Qd6 Rxe5 30. Rxe5 Bxe5 31. Qxe5 Qd7 32. Kh2 b6 33. f6 gxf6
34. Qxf6 Kh7 35. h4 Qg4 36. Qf7+ Kh8 37. Qe8+ Kh7 38. h5 Qf4+ 39. g3 Qf6 40.
Qe4+ Kh8 41. Qa8+ Kg7 42. Qxa7+ Kg8 43. Qxb6 Kg7 44. Qc7+ Kh8 45. Qc8+ Kh7 46.
Qd7+ Kh8 47. Qe8+ Kg7 48. Qd7+ Kh8 49. Qd2 Kg8 50. Kg2 Qc6+ 51. Kh3 Qh1+ 52.
Qh2 Qf3 53. Kh4 Qf6+ 54. Kg4 Qg5+ 55. Kf3 Qd5+ 56. Kf4 Qd4+ 57. Kf5 Qd5+ 58.
Kf6 Qd6+ 59. Kf5 Qd5+ 60. Kf6 Qd6+ 1/2-1/2

[Event "18. Sparkassen Open 2019 - Gruppe A"]
[Site "Forchheim"]
[Date "2019.10.05"]
[Round "2.2"]
[White "Ammon, Tobias"]
[Black "Kolb, Tobias"]
[Result "1/2-1/2"]
[WhiteElo "2156"]
[BlackElo "2073"]
[PlyCount "115"]
[EventDate "2019.??.??"]
[WhiteTeam "SV Altensittenbach"]
[BlackTeam "SV Seubelsdorf e.V."]

1. e4 c6 2. d4 d5 3. Nd2 dxe4 4. Nxe4 Bf5 5. Ng3 Bg6 6. Bc4 e6 7. N1e2 Bd6 8.
h4 h6 9. Nf4 Bxf4 10. Bxf4 Nf6 11. h5 Bh7 12. O-O Nbd7 13. Be2 O-O 14. c4 Re8
15. b3 Qb6 16. Qd2 c5 17. Be3 Rad8 18. Rfd1 Qc7 19. Qb2 b6 20. Rd2 Ne4 21. Nxe4
Bxe4 22. Rad1 cxd4 23. Rxd4 Nf6 24. Qd2 Rxd4 25. Qxd4 Re7 26. Qd8+ Qxd8 27.
Rxd8+ Kh7 28. b4 Rd7 29. Rxd7 Nxd7 30. c5 bxc5 31. Bb5 Nb8 32. Bxc5 a6 33. Be8
Kg8 34. a4 Bc6 35. Bxc6 Nxc6 36. b5 axb5 37. axb5 Nd8 38. Kf1 f5 39. f4 g6 40.
hxg6 Kg7 41. Ke2 Kxg6 42. Kd3 Kf6 43. Bb4 e5 44. Bc3 Ke6 45. Bxe5 Kd5 46. b6
Kc6 47. Bc7 Ne6 48. Kc4 h5 49. Kd3 Kd5 50. Kc3 Kc6 51. Kb4 Nc5 52. Kc4 Ne6 53.
Kc3 Kb7 54. Kd3 Kc6 55. Kc4 h4 56. Kc3 Nxc7 57. bxc7 Kxc7 58. Kd4 1/2-1/2

[Event "18. Sparkassen Open 2019 - Gruppe A"]
[Site "Forchheim"]
[Date "2019.10.05"]
[Round "2.3"]
[White "Meulner, Klaus"]
[Black "Liemann, Michael"]
[Result "1/2-1/2"]
[WhiteElo "2090"]
[BlackElo "2188"]
[PlyCount "44"]
[EventDate "2019.??.??"]
[WhiteTeam "SC Schwarz-Weiß Nürnberg Süd e.V"]

1. d4 d5 2. Bf4 c6 3. e3 Nf6 4. c4 Bf5 5. Nc3 dxc4 6. Bxc4 e6 7. Nf3 Nbd7 8. h3
Nd5 9. O-O Nxf4 10. exf4 Nb6 11. Bb3 h5 12. Qe2 Bb4 13. d5 Bxc3 14. dxe6 Bd3
15. Qe3 Bxf1 16. Qxc3 Bc4 17. Bxc4 Nxc4 18. Qxc4 Qd5 19. exf7+ Kxf7 20. Ne5+
Kg8 21. Qc2 Rd8 22. Ng6 Qd3 1/2-1/2

[Event "18. Sparkassen Open 2019 - Gruppe A"]
[Site "Forchheim"]
[Date "2019.10.05"]
[Round "2.4"]
[White "Kleibel, Uwe"]
[Black "Braun, Michael"]
[Result "1/2-1/2"]
[WhiteElo "2202"]
[BlackElo "2061"]
[PlyCount "71"]
[EventDate "2019.??.??"]
[WhiteTeam "SC Ortenburg 1894 e.V."]
[BlackTeam "SG Büchenbach/Roth e.V."]

1. e4 c5 2. Nf3 d6 3. d4 cxd4 4. Qxd4 a6 5. Be2 Nc6 6. Qe3 Nf6 7. O-O Bg4 8.
Rd1 Qc7 9. c4 g6 10. Nc3 Bg7 11. Rb1 O-O 12. b3 Rac8 13. Bb2 Rfe8 14. h3 Bxf3
15. Bxf3 Ne5 16. Be2 Qc5 17. Qxc5 Rxc5 18. Na4 Rc7 19. f3 Nh5 20. Bf1 Bh6 21.
Kf2 Bf4 22. g4 Nf6 23. Nb6 g5 24. a4 Ned7 25. Nd5 Nxd5 26. exd5 a5 27. Bd3 Nc5
28. Bc2 Na6 29. Re1 b6 30. Re2 h6 31. Rbe1 Kf8 32. Bf6 Nc5 33. h4 e5 34. dxe6
Rxe6 35. hxg5 Bxg5 36. Bxg5 1/2-1/2

[Event "18. Sparkassen Open 2019 - Gruppe A"]
[Site "Forchheim"]
[Date "2019.10.05"]
[Round "2.5"]
[White "Englert, Jon"]
[Black "Feldheim, Jonas"]
[Result "1-0"]
[WhiteElo "2072"]
[BlackElo "2095"]
[PlyCount "67"]
[EventDate "2019.??.??"]
[WhiteTeam "TV-Großostheim 1900 e.V."]
[BlackTeam "Spvgg 1946 e.V. Stetten"]

1. d4 d5 2. c4 c6 3. Nf3 Nf6 4. g3 e6 5. Bg2 Nbd7 6. Qc2 Bd6 7. O-O Qe7 8. Nc3
dxc4 9. e4 e5 10. a4 O-O 11. Rd1 b6 12. Qe2 Ba6 13. Nh4 g6 14. Bg5 exd4 15.
Rxd4 Ne5 16. Nf3 Bc5 17. Rd2 Rfe8 18. Nxe5 Qxe5 19. Bf4 Qe6 20. Rad1 Rac8 21.
Bf3 h5 22. e5 Ng4 23. Bxg4 hxg4 24. Rd7 Re7 25. Ne4 Rxd7 26. Rxd7 c3 27. Qxa6
cxb2 28. Qxc8+ Kg7 29. Bh6+ Kh7 30. Rxf7+ Qxf7 31. Ng5+ Kxh6 32. Nxf7+ Kg7 33.
Qh8+ Kxf7 34. e6+ 1-0

[Event "18. Sparkassen Open 2019 - Gruppe A"]
[Site "Forchheim"]
[Date "2019.10.05"]
[Round "2.6"]
[White "Atkinson, Paul"]
[Black "Böhme, Sebastian"]
[Result "0-1"]
[WhiteElo "2145"]
[BlackElo "2095"]
[PlyCount "70"]
[EventDate "2019.??.??"]
[WhiteTeam "SV Empor Berlin e.V."]
[BlackTeam "SC Uttenreuth e.V."]

1. Nf3 e6 2. c4 Nf6 3. g3 a6 4. Bg2 b5 5. Nd4 d5 6. cxb5 axb5 7. Nxb5 Be7 8.
O-O O-O 9. d3 Ba6 10. N5c3 Nbd7 11. a3 c5 12. Nd2 Rb8 13. Qc2 Qb6 14. Rb1 Rfc8
15. b3 Ne5 16. Nf3 Nc6 17. Bf4 Rb7 18. Na4 Qa5 19. Bd2 Qb5 20. Rfc1 Nd7 21. b4
cxb4 22. Nd4 Nxd4 23. Qxc8+ Nf8 24. Rc7 Nxe2+ 25. Kh1 Qxd3 26. Rc2 b3 27. Rcb2
Bxa3 28. Nc5 Qc4 29. Be3 Bxb2 30. Rxb2 Qc3 31. Bh3 Qe1+ 32. Kg2 Qg1+ 33. Kf3
Qh1+ 34. Kg4 Rb4+ 35. f4 Bxc8 0-1

[Event "18. Sparkassen Open 2019 - Gruppe A"]
[Site "Forchheim"]
[Date "2019.10.05"]
[Round "2.7"]
[White "Blodig, Stefan"]
[Black "Amtmann, Florian"]
[Result "0-1"]
[WhiteElo "2131"]
[BlackElo "2113"]
[PlyCount "64"]
[EventDate "2019.??.??"]
[WhiteTeam "TV Riedenburg Schach"]
[BlackTeam "Spvgg 1946 e.V. Stetten"]

1. e4 g5 2. d4 Bg7 3. Nc3 d6 4. Bc4 a6 5. Be3 b5 6. Bb3 Bb7 7. Nh3 e6 8. f3 Nd7
9. Nf4 Qe7 10. d5 e5 11. Nd3 f5 12. a4 bxa4 13. Bxa4 Ngf6 14. Nb4 fxe4 15. fxe4
O-O 16. O-O Nc5 17. Bxc5 dxc5 18. Nc6 Bxc6 19. Bxc6 Rab8 20. b3 Bh6 21. Qe2 Kh8
22. g3 c4 23. Qxc4 Rb4 24. Qd3 Qc5+ 25. Kg2 Rd4 26. Na4 Qa7 27. Qc3 Nxe4 28.
Rxf8+ Bxf8 29. Qf3 Rd2+ 30. Kh1 Nf2+ 31. Kg2 Bg7 32. Qf7 Ng4+ 0-1

[Event "18. Sparkassen Open 2019 - Gruppe A"]
[Site "Forchheim"]
[Date "2019.10.05"]
[Round "2.8"]
[White "Böhme, Markus"]
[Black "Schulz, Lukas"]
[Result "1/2-1/2"]
[WhiteElo "2089"]
[BlackElo "2345"]
[PlyCount "92"]
[EventDate "2019.??.??"]
[WhiteTeam "SC Uttenreuth e.V."]
[BlackTeam "SC Erlangen 48/88"]

1. c4 e5 2. Nc3 Nc6 3. Nf3 Nf6 4. e4 Bb4 5. d3 d6 6. a3 Ba5 7. b4 Bb6 8. Na4
O-O 9. Be2 Bg4 10. Nxb6 axb6 11. Bb2 Bxf3 12. Bxf3 Nd4 13. O-O Qe7 14. g3 Nxf3+
15. Qxf3 Rfe8 16. Qe2 c6 17. f4 b5 18. cxb5 cxb5 19. Rac1 Rac8 20. Qe3 Qd7 21.
Rxc8 Rxc8 22. Rc1 h6 23. Qd2 Rxc1+ 24. Qxc1 Kh7 25. Qf1 Qe6 26. fxe5 dxe5 27.
Qf5+ Qxf5 28. exf5 Nd7 29. Kf2 g6 30. fxg6+ Kxg6 31. g4 f5 32. gxf5+ Kxf5 33.
Kf3 Nf6 34. Bc1 h5 35. Bd2 Ke6 36. Bg5 Nd5 37. Bd2 Kf5 38. Bc1 Nc7 39. Bd2 Ne6
40. Be3 Nf8 41. Bc1 Ne6 42. Be3 h4 43. h3 Nd4+ 44. Kf2 Nc2 45. Bc1 Kg6 46. Kf3
Kf5 1/2-1/2

[Event "18. Sparkassen Open 2019 - Gruppe A"]
[Site "Forchheim"]
[Date "2019.10.05"]
[Round "2.9"]
[White "Hilverda, Alexander"]
[Black "Redzepovic, Irfan"]
[Result "1-0"]
[WhiteElo "2301"]
[BlackElo "2055"]
[PlyCount "80"]
[EventDate "2019.??.??"]
[WhiteTeam "SC Erlangen 48/88"]
[BlackTeam "SC Schwarz-Weiß Nürnberg Süd e.V"]

1. e4 e5 2. Nf3 Nc6 3. Bc4 Bc5 4. c3 Nf6 5. d3 a6 6. O-O d6 7. Bb3 O-O 8. Re1
Ba7 9. h3 Ne7 10. Nbd2 Nc6 11. Nf1 d5 12. exd5 Nxd5 13. Nxe5 Nxe5 14. Rxe5 c6
15. Qf3 Be6 16. d4 Bb8 17. Bg5 Qd7 18. Re4 b6 19. Bh4 g5 20. Bg3 f5 21. Ree1 f4
22. Bh2 Kg7 23. c4 Nf6 24. Rad1 g4 25. Qe2 Re8 26. Qd2 gxh3 27. Bxf4 hxg2 28.
Ng3 Bxf4 29. Qxf4 Rf8 30. Rxe6 Qxe6 31. Nf5+ Kf7 32. d5 Qe2 33. Qc7+ Kg6 34.
Nd4 Qg4 35. Bc2+ Kh5 36. Qe5+ Qg5 37. Qh2+ Qh4 38. Qe5+ Qg5 39. Nf5 Kg6 40. f4
Ng4 1-0

[Event "18. Sparkassen Open 2019 - Gruppe A"]
[Site "Forchheim"]
[Date "2019.10.05"]
[Round "2.10"]
[White "von Zimmermann, Georg"]
[Black "Löw, Gerald"]
[Result "0-1"]
[WhiteElo "2051"]
[BlackElo "2162"]
[PlyCount "46"]
[EventDate "2019.??.??"]
[WhiteTeam "MSA Zugzwang 82 e.V."]
[BlackTeam "TSV Bindlach Aktionär"]

1. e4 d6 2. d4 Nf6 3. Nc3 e5 4. Nf3 Nbd7 5. Bc4 Be7 6. O-O O-O 7. h3 c6 8. Bb3
b5 9. d5 b4 10. dxc6 bxc3 11. cxd7 Qxd7 12. Re1 Bb7 13. bxc3 Nxe4 14. Nxe5 Qc7
15. Ng4 h5 16. Ne3 Bf6 17. Qxh5 Bxc3 18. Nd5 Bxd5 19. Bxd5 Nf6 20. Qf5 Nxd5 21.
Re4 Nf6 22. Rh4 Be1 23. Bg5 Rfe8 0-1

[Event "18. Sparkassen Open 2019 - Gruppe A"]
[Site "Forchheim"]
[Date "2019.10.05"]
[Round "2.11"]
[White "Blum, Frederik"]
[Black "Tong, Kevin"]
[Result "1/2-1/2"]
[WhiteElo "2031"]
[BlackElo "2155"]
[PlyCount "106"]
[EventDate "2019.??.??"]
[WhiteTeam "Spvgg Böblingen"]
[BlackTeam "SC Erlangen 48/88"]

1. e4 e5 2. Nf3 Nc6 3. Nc3 Nf6 4. Bb5 Bd6 5. a3 O-O 6. O-O Re8 7. d3 h6 8. Ne2
Ne7 9. Ba4 Ng6 10. Ng3 c6 11. Bb3 Bc7 12. c4 d5 13. cxd5 cxd5 14. h3 Bb6 15.
Re1 Be6 16. Bd2 dxe4 17. dxe4 Nd7 18. Bxe6 Rxe6 19. Be3 Nf4 20. Nf5 Nc5 21.
Bxc5 Bxc5 22. Qxd8+ Rxd8 23. Ne3 f6 24. Rac1 Bb6 25. Rcd1 Rxd1 26. Nxd1 Rc6 27.
Ne3 Nd3 28. Re2 Rc1+ 29. Kh2 Nxf2 30. Nd5 Nd3 31. Nxb6 axb6 32. Rd2 Nc5 33. Rd6
Nxe4 34. Rxb6 Rc7 35. Nh4 Nc5 36. Nf5 Nd7 37. Rb5 b6 38. Rb3 Kf8 39. Rg3 Nc5
40. b4 Ne6 41. Rd3 Ra7 42. Rd6 Kf7 43. Rxb6 Rxa3 44. g4 Ra7 45. b5 Nd4 46. Nd6+
Kg6 47. Rb8 Kg5 48. b6 Ra2+ 49. Kg1 Nf3+ 50. Kf1 Nh2+ 51. Ke1 Nf3+ 52. Kf1 Nh2+
53. Ke1 Nf3+ 1/2-1/2

[Event "18. Sparkassen Open 2019 - Gruppe A"]
[Site "Forchheim"]
[Date "2019.10.05"]
[Round "2.12"]
[White "Sattler, Stefan"]
[Black "Meulner, Fabian"]
[Result "0-1"]
[WhiteElo "2075"]
[BlackElo "1983"]
[PlyCount "59"]
[EventDate "2019.??.??"]
[WhiteTeam "SK 1911 Herzogenaurach e.V."]
[BlackTeam "SGem 1882 Fürth"]

1. e4 e5 2. Nf3 Nc6 3. d4 exd4 4. Bc4 Bc5 5. c3 Nf6 6. e5 d5 7. Be2 Ne4 8. cxd4
Bb4+ 9. Bd2 Nxd2 10. Nbxd2 O-O 11. O-O f6 12. Nb3 Bg4 13. a3 Be7 14. Rc1 Qd7
15. Ne1 Bxe2 16. Qxe2 fxe5 17. dxe5 Rf4 18. f3 Nd4 19. Nxd4 Rxd4 20. Qe3 c5 21.
g3 Rf8 22. b3 Qf5 23. Qe2 Qg5 24. Rc2 b5 25. Ng2 c4 26. bxc4 dxc4 27. f4 Qg6
28. a4 a6 29. axb5 axb5 30. Qf3 0-1

[Event "18. Sparkassen Open 2019 - Gruppe A"]
[Site "Forchheim"]
[Date "2019.10.05"]
[Round "2.13"]
[White "Homi, Joseph"]
[Black "Kilian, Markus"]
[Result "1-0"]
[WhiteElo "1997"]
[BlackElo "2087"]
[PlyCount "111"]
[EventDate "2019.??.??"]
[WhiteTeam "SGem 1882 Fürth"]
[BlackTeam "ESV Lok Meiningen"]

1. e4 g6 2. d4 Bg7 3. Nc3 d6 4. f4 Nf6 5. Nf3 O-O 6. e5 Nfd7 7. Bc4 Nb6 8. Bb3
Nc6 9. a4 Na5 10. Ba2 dxe5 11. fxe5 c5 12. d5 Bg4 13. Bf4 Nd7 14. Qe2 Qb8 15.
d6 exd6 16. e6 Ne5 17. Bxe5 Bxe5 18. exf7+ Kg7 19. Qe4 Bxf3 20. Qxf3 Nc6 21.
O-O Qd8 22. Rad1 Nd4 23. Qe4 Qb6 24. Rb1 Rac8 25. Bc4 Qb4 26. Qd3 Rc7 27. Nd5
Qxa4 28. c3 Ne6 29. Nb6 axb6 30. Bxe6 Qh4 31. g3 Qe7 32. Bd5 Ra8 33. Qf3 Ra4
34. Rbe1 b5 35. Kh1 b4 36. Re4 b5 37. b3 Ra3 38. cxb4 c4 39. Re3 Qg5 40. h4 Qf6
41. Qxf6+ Bxf6 42. Ref3 Bb2 43. bxc4 bxc4 44. Bxc4 Ra4 45. Rb3 Ba3 46. Bb5 Rxb4
47. Rxb4 Bxb4 48. Be8 Bc3 49. Kg2 h5 50. Rf3 Bf6 51. Kf2 g5 52. hxg5 Bxg5 53.
Rf5 Kg6 54. Rd5 Be7 55. Kf3 Rc8 56. f8=Q+ 1-0

[Event "18. Sparkassen Open 2019 - Gruppe A"]
[Site "Forchheim"]
[Date "2019.10.05"]
[Round "2.14"]
[White "Adelhütte, Dennis"]
[Black "Mehling, Katharina"]
[Result "1-0"]
[WhiteElo "2008"]
[BlackElo "2020"]
[PlyCount "65"]
[EventDate "2019.??.??"]
[WhiteTeam "SC JÄKLECHEMIE Talente Franken e"]
[BlackTeam "Spvgg 1946 e.V. Stetten"]

1. d4 f5 2. Bg5 h6 3. Bh4 g5 4. e4 Bg7 5. Bg3 fxe4 6. h4 e6 7. hxg5 Qxg5 8.
Bxc7 d5 9. Nh3 Qe7 10. Qh5+ Kd7 11. Be5 Bxe5 12. Qxe5 Qb4+ 13. Nd2 Rh7 14. Nf4
Re7 15. Nxd5 exd5 16. Qxd5+ Qd6 17. Qxg8 e3 18. fxe3 Rxe3+ 19. Kd1 Qxd4 20.
Rxh6 Re1+ 21. Kxe1 Qe3+ 22. Be2 Qxh6 23. Bg4+ Ke7 24. Qxc8 Qe3+ 25. Be2 Qg3+
26. Kd1 Qxg2 27. Qc5+ Kd8 28. Bf3 Qg3 29. Qf8+ Kc7 30. Ne4 Qg1+ 31. Ke2 Qh2+
32. Ke3 a5 33. Qf4+ 1-0

[Event "18. Sparkassen Open 2019 - Gruppe A"]
[Site "Forchheim"]
[Date "2019.10.05"]
[Round "2.15"]
[White "Sippl, Martin"]
[Black "Bunk, Karsten"]
[Result "0-1"]
[WhiteElo "2065"]
[BlackElo "2105"]
[PlyCount "74"]
[EventDate "2019.??.??"]
[WhiteTeam "SC Postbauer-Heng e.V"]
[BlackTeam "SC Schwarz-Weiß Nürnberg Süd e.V"]

1. e4 g6 2. d4 Bg7 3. Nf3 d6 4. Bc4 e6 5. Bb3 Ne7 6. O-O O-O 7. Re1 b6 8. Nbd2
Nbc6 9. c3 Bb7 10. a3 h6 11. Nf1 Na5 12. Ba2 d5 13. Ng3 dxe4 14. Nxe4 Bd5 15.
Bxd5 exd5 16. Ng3 Qd6 17. Ne5 Nec6 18. Ng4 Kh7 19. Qf3 f5 20. Ne5 Nxe5 21. dxe5
Bxe5 22. h4 Rab8 23. Rd1 c6 24. h5 f4 25. hxg6+ Qxg6 26. Ne2 Nb3 27. Ra2 Nxc1
28. Rxc1 Rf5 29. c4 Rg8 30. cxd5 cxd5 31. Qxd5 f3 32. g3 fxe2 33. Qd3 Qg4 34.
b4 Bd4 35. Rxe2 Qxg3+ 36. Qxg3 Rxg3+ 37. Kh2 Rg7 0-1

[Event "18. Sparkassen Open 2019 - Gruppe A"]
[Site "Forchheim"]
[Date "2019.10.05"]
[Round "2.16"]
[White "Maruntis, Patrik-Robert"]
[Black "Ochs, Daniel Elias"]
[Result "0-1"]
[WhiteElo "1707"]
[BlackElo "2065"]
[PlyCount "136"]
[EventDate "2019.??.??"]
[WhiteTeam "MTV Ingolstadt"]
[BlackTeam "Wiesbadener SV 1885"]

1. e4 e6 2. d4 d5 3. Nd2 Be7 4. Ngf3 Nf6 5. Bd3 c5 6. e5 Nfd7 7. c3 b6 8. Qe2
Bb7 9. h4 h6 10. b3 Nc6 11. a3 a6 12. g3 b5 13. O-O c4 14. bxc4 dxc4 15. Be4
Nb6 16. Re1 Nd5 17. Bb2 Nb8 18. Nh2 Nd7 19. Rad1 N7b6 20. Nb1 Rb8 21. h5 Nc7
22. Qg4 Bf8 23. Bc2 Na4 24. Bc1 Nd5 25. Bd2 Bc6 26. f4 Nb2 27. Rc1 Ne7 28. Kf2
Nd3+ 29. Bxd3 cxd3 30. Nf3 Qd5 31. Rg1 Nf5 32. Nh4 Nxh4 33. gxh4 Be7 34. Rce1
Bxh4+ 35. Kf1 Bxe1 36. Kxe1 Qe4+ 37. Kf2 Ke7 38. Be3 Qf5 39. Nd2 Qxg4 40. Rxg4
Rhg8 41. Nb3 Bd5 42. Nc5 a5 43. Nxd3 Bb3 44. Bd2 Bd1 45. Rg1 Bxh5 46. f5 g5 47.
Rh1 Bg4 48. f6+ Kd7 49. Rxh6 Rh8 50. Bxg5 Rxh6 51. Bxh6 Kc6 52. Bg7 Kd5 53. Ke3
Kc4 54. Kd2 Kb3 55. Nc5+ Kxa3 56. d5 exd5 57. e6 Bh5 58. e7 Bg4 59. Na6 Rc8 60.
Nc7 Bd7 61. Nxd5 b4 62. cxb4 axb4 63. Nb6 b3 64. Nxc8 b2 65. Nb6 b1=Q 66. Nxd7
Qb4+ 67. Ke3 Qe1+ 68. Kf4 Qd2+ 0-1

[Event "18. Sparkassen Open 2019 - Gruppe A"]
[Site "Forchheim"]
[Date "2019.10.05"]
[Round "2.17"]
[White "Schimmele, Alexander"]
[Black "Kirchner, Markus"]
[Result "1/2-1/2"]
[WhiteElo "1893"]
[BlackElo "2060"]
[PlyCount "44"]
[EventDate "2019.??.??"]
[WhiteTeam "SC Neckarsulm e.V."]
[BlackTeam "1.Hainstädter SC 1950"]

1. e4 e6 2. d4 d5 3. exd5 exd5 4. Nf3 Nf6 5. Bd3 c5 6. dxc5 Bxc5 7. O-O O-O 8.
Bg5 Be6 9. Nc3 Nc6 10. a3 Rc8 11. Qd2 Be7 12. Rfd1 a6 13. Ne2 Ne4 14. Bxe4 dxe4
15. Bxe7 Qxe7 16. Nfd4 Rfd8 17. Qe3 Bd5 18. Nxc6 Rxc6 19. Nc3 Re6 20. Rac1 Bc6
21. Rxd8+ Qxd8 22. Rd1 Rd6 1/2-1/2

[Event "18. Sparkassen Open 2019 - Gruppe A"]
[Site "Forchheim"]
[Date "2019.10.05"]
[Round "2.18"]
[White "Ulusoy, Tolga"]
[Black "Löllmann, Heinrich"]
[Result "1-0"]
[WhiteElo "2023"]
[BlackElo "1941"]
[PlyCount "81"]
[EventDate "2019.??.??"]
[WhiteTeam "SC Noris-Tarrasch Nürnberg 1873"]
[BlackTeam "SV Bubenreuth e.V."]

1. e4 e6 2. d4 d5 3. Nc3 dxe4 4. Nxe4 Nd7 5. Nf3 Ngf6 6. Bd3 Nxe4 7. Bxe4 Nf6
8. Bd3 Be7 9. c3 O-O 10. Qc2 b6 11. Ne5 Bb7 12. Rg1 Rc8 13. g4 g6 14. Bh6 Re8
15. h4 Bf8 16. Bxf8 Kxf8 17. O-O-O Nd5 18. g5 c5 19. Bb5 Re7 20. dxc5 Rxc5 21.
Qd3 Qc7 22. Rge1 a6 23. Bc4 b5 24. Bxd5 Rxd5 25. Qe3 Re8 26. Rxd5 Bxd5 27. Kb1
Rc8 28. Qf4 Kg8 29. h5 Qe7 30. Ng4 Qc7 31. Nh6+ Kf8 32. Qf6 Ke8 33. Qh8+ Ke7
34. Qxh7 Qf4 35. Ng8+ Kd6 36. Nf6 Qxf2 37. Rd1 Qf5+ 38. Ka1 Qf3 39. Rb1 e5 40.
hxg6 Kc6 41. g7 1-0

[Event "18. Sparkassen Open 2019 - Gruppe A"]
[Site "Forchheim"]
[Date "2019.10.05"]
[Round "2.19"]
[White "Heppert, Lars"]
[Black "Diller, Peter"]
[Result "0-1"]
[WhiteElo "1902"]
[BlackElo "2003"]
[PlyCount "71"]
[EventDate "2019.??.??"]
[WhiteTeam "SK Marburg 1931/72"]
[BlackTeam "SK Rothenburg e.V."]

1. c4 e6 2. b3 Nf6 3. Bb2 d5 4. e3 c5 5. Nf3 Nc6 6. d4 cxd4 7. Nxd4 Bb4+ 8. Bc3
Qa5 9. Bxb4 Qxb4+ 10. Qd2 Qe7 11. cxd5 exd5 12. Bb5 Bd7 13. Nxc6 bxc6 14. Ba4
Ne4 15. Qd4 O-O 16. O-O Rfd8 17. Qb2 Qg5 18. f4 Qg6 19. Nd2 Nc5 20. Qd4 Bh3 21.
Rf2 Nd3 22. f5 Bxf5 23. Rf3 c5 24. Qh4 Rab8 25. Rg3 Qd6 26. Rf1 Rb4 27. Qg5 Bg6
28. e4 dxe4 29. h4 Qd4+ 30. Kh2 h6 31. Qe7 Qd6 32. Qxa7 e3 33. Nc4 Rxc4 34.
bxc4 e2 35. Rff3 e1=Q 36. Bc2 0-1

[Event "18. Sparkassen Open 2019 - Gruppe A"]
[Site "Forchheim"]
[Date "2019.10.05"]
[Round "2.20"]
[White "Paeslack, Luis"]
[Black "Niebler, Paul"]
[Result "1/2-1/2"]
[WhiteElo "1936"]
[BlackElo "1920"]
[PlyCount "92"]
[EventDate "2019.??.??"]
[WhiteTeam "TV-Großostheim 1900 e.V."]

1. d4 Nf6 2. Nf3 g6 3. c4 Bg7 4. Nc3 O-O 5. e4 d6 6. Be2 e5 7. d5 a5 8. Nd2 Ne8
9. g4 Qh4 10. Nf1 f5 11. gxf5 gxf5 12. exf5 Bxf5 13. Be3 Na6 14. Ng3 Bg6 15.
Qd2 Nc5 16. O-O-O a4 17. f3 Nb3+ 18. axb3 axb3 19. Nge4 Nf6 20. Qe1 Qh5 21. Qg3
Kh8 22. Qg5 Qh3 23. Nxf6 Rxf6 24. Qg4 Bh6 25. Kd2 Bxe3+ 26. Kxe3 Qh6+ 27. Kf2
Rf4 28. Qg3 Raf8 29. Ke1 Bh5 30. Rf1 Qf6 31. Ne4 Qf5 32. Rd3 Rg8 33. Qf2 Qh3
34. Ng3 Bg6 35. Rxb3 Ra8 36. Rxb7 Rd4 37. Bd1 Ra1 38. Qe2 Raxd1+ 39. Qxd1 Rxd1+
40. Kxd1 Qxh2 41. Ne4 Qf4 42. Nd2 Qf7 43. b4 Qf5 44. Ne4 Qh3 45. Nd2 Bd3 46.
Rg1 Qc8 1/2-1/2